Scammell and Densham's law of agricultural holdings (Record no. 105873)
[ view plain ]
| 000 -LEADER | |
|---|---|
| fixed length control field | 01252cam a22003015a 4500 |
| 001 - CONTROL NUMBER | |
| control field | L134972 |
| 008 - FIXED-LENGTH DATA ELEMENTS--GENERAL INFORMATION | |
| fixed length control field | 060913s2007 xxk f 001 0 eng u |
| 020 ## - INTERNATIONAL STANDARD BOOK NUMBER | |
| International Standard Book Number | 9781405717977 |
| 035 ## - SYSTEM CONTROL NUMBER | |
| System control number | (Sirsi) u134972 |
| 050 04 - LIBRARY OF CONGRESS CALL NUMBER | |
| Classification number | 630.026 $2 18 |
| 100 ## - MAIN ENTRY--PERSONAL NAME | |
| Personal name | Williams, Peter |
| 245 00 - TITLE STATEMENT | |
| Title | Scammell and Densham's law of agricultural holdings |
| 250 ## - EDITION STATEMENT | |
| Edition statement | 9th ed. |
| 260 ## - PUBLICATION, DISTRIBUTION, ETC. | |
| Place of publication, distribution, etc. | London |
| Name of publisher, distributor, etc. | LexisNexis Butterworths |
| Date of publication, distribution, etc. | 2007 |
| 300 ## - PHYSICAL DESCRIPTION | |
| Extent | cxvi, 2207p. |
| Dimensions | 26cm. |
| 350 ## - PRICE (NR) (BK AM CF MU VM SE) [OBSOLETE] | |
| Price | 195 |
| 520 ## - SUMMARY, ETC. | |
| Summary, etc. | Reference work covers UK statutes, statutory instruments, European legislation and major case law relating to agricultural tenancies and holdings. Covers all aspects of farm business tenancies under the Agricultural Tenancies Act 1995 as well as tenures under the Agricultural Holdings Act 1986. Also addresses dispute resolution and the milk quota. |
| 521 2# - TARGET AUDIENCE NOTE | |
| Target audience note | Advanced |
| 590 ## - LOCAL NOTE (RLIN) | |
| Local note | KA |
| 650 24 - SUBJECT ADDED ENTRY--TOPICAL TERM | |
| Topical term or geographic name entry element | AGRICULTURAL TENANCIES ACT 1995 |
| 650 24 - SUBJECT ADDED ENTRY--TOPICAL TERM | |
| Topical term or geographic name entry element | AGRICULTURAL HOLDINGS ACT 1986 |
| 650 24 - SUBJECT ADDED ENTRY--TOPICAL TERM | |
| Topical term or geographic name entry element | REGULATORY REFORM (AGRICULTURAL TENANCIES) (ENGLAND AND WALES) ORDER 2006 |
| 651 #4 - SUBJECT ADDED ENTRY--GEOGRAPHIC NAME | |
| Geographic name | United Kingdom |
| Chronological subdivision | |
| 690 ## - LOCAL SUBJECT ADDED ENTRY--TOPICAL TERM (OCLC, RLIN) | |
| Topical term or geographic name as entry element | PROPERTY-LANDLORD AND TENANT-TENANCIES-AGRICULTURAL TENANCIES |
| 700 1# - ADDED ENTRY--PERSONAL NAME | |
| Personal name | Cardwell, Michael N. |
| 700 1# - ADDED ENTRY--PERSONAL NAME | |
| Personal name | Williams, Vivienne |
| 942 ## - ADDED ENTRY ELEMENTS (KOHA) | |
| Suppress in OPAC | 0 |
| Withdrawn status | Lost status | Source of classification or shelving scheme | Damaged status | Not for loan | Home library | Current library | Shelving location | Date acquired | Cost, normal purchase price | Total Checkouts | Full call number | Barcode | Date last seen | Date last checked out | Copy number | Cost, replacement price | Price effective from | Koha item type |
|---|---|---|---|---|---|---|---|---|---|---|---|---|---|---|---|---|---|---|
| Dewey Decimal Classification | London | London | Books | 08/01/2008 | 195.00 | 11 | 630.026 WIL | 30074330 | 06/08/2019 | 14/01/2010 | 1 | 195.00 | 06/08/2019 | Book |